Για την Κύπρο

Αποθηκεύτηκε σε:
Λεπτομέρειες βιβλιογραφικής εγγραφής
Συγγραφή απο Οργανισμό/Αρχή: Υπουργείο Εθνικής Άμυνας
Άλλοι συγγραφείς: Ζαμπάρτας, Ιωάννης Μ. (Επιμελητής έκδοσης)
Μορφή: Βιβλίο
Γλώσσα:Greek
Δημοσίευση: Αθήνα : Υπουργείο Εθνικής Άμυνας, c1998.
Θέματα:
Ετικέτες: Προσθήκη ετικέτας
Δεν υπάρχουν, Καταχωρήστε ετικέτα πρώτοι!

MARC

LEADER 00000cam a2200000 a 4500
001 1/120509
008 191212s1998####gr | ||| |||| ||gre||
020 |a 9608629101 
040 |a GR-MyUa  |b gre  |c GR-MyUa  |e AACR2 
041 0 |a gre 
082 7 |a 956.93   |2 (23) 
245 0 0 |a Για την Κύπρο /   |c κείμενα, γενική επιμέλεια : Ιωάννης Μ. Ζαμπάρτας.  
260 |a Αθήνα :   |b Υπουργείο Εθνικής Άμυνας,   |c c1998.  
300 |a 339 σ. :   |b εικ., φωτ., χάρτ. ;   |c 29 εκ.  
500 |a Πρόκειται για λεύκωμα το οποίο είναι αφιερωμένο στα παιδιά της Κύπρου και της Ελλάδας.  
504 |a Βιβλιογραφία: σ. 337.  
600 1 0 |a Ανδρεόπουλος, Βαγγέλης   |d 1971- 
650 0 |a Painting  |z Cyprus. 
650 0 |a Painters  |z Cyprus. 
651 0 |a Cyprus  |x History. 
651 0 |a Cyprus  |x Civilization. 
700 1 |a Ζαμπάρτας, Ιωάννης Μ.  |e edt 
710 2 |a Υπουργείο Εθνικής Άμυνας. 
852 |a INST  |b RHODES  |e 20191212  |h 956.93 ΚΥΠ  |p 005400041335  |q 005400041335  |t BK  |y 23 
920 |a Δωρεά Βιβλιοθήκης  |y Ρόδος  |z 2019-12 
970 |a Μαρία  |b Κωτάκου  |z 12-12-2019